000 00694nam a2200229 a 4500
999 _c11319
_d11319
001 11319
003 BD-JhCC
005 20191212134008.0
008 190625s 2013bg |||| ||a| 000 0 ben d
020 _a9789844950481
035 _a(BD-JhCC)11319
040 _aBD-JhCC
_dBD-JhCC
041 _aben
082 _a891.4435
_bHOQ 2013
100 _aহক, আনিসুল
245 _aএবং কৌতুক /
_cআনিসুল হক ।
260 _aঢাকা:
_bপার্ল পাবলিকেশন্স;
_c২০১৩.
300 _a১০৩ পৃ. :
_c২২ সেমি.
650 _aBengali comics story
942 _2ddc
_cBK
_02